000 00323nam a22000977a 4500
008 150730b xxu||||| |||| 00| 0 eng d
010 _8HCCRS ARF:040
245 _aHIGH COURT CRIMINAL SESSION NO.148 OF 1991 Uganda Vs Prof.Issac Newton Ojok
260 _aHigh Court Kampala
500 _3BEFORE:The Honourable Mr.Justice J.P.Berko
999 _c8343
_d8343